000 00315nam a2200121Ia 4500
008 190216s9999||||xx |||||||||||||| ||und||
100 _aEdmpnd J B .senn T L&Amp; Andres F S
245 0 _aFundamentas Of Horticulture
260 _bTata Mcgrawhill Publishers
_c1957
300 _a426p
650 _aBotany
942 _cBK
999 _c1202
_d1202